Biomembranes. Volume 81, Part H, Visual pigments and purple membranes, I /
The critically acclaimed laboratory standard, Methods in Enzymology, is one of the most highly respected publications in the field of biochemistry. Since 1955, each volume has been eagerly awaited, frequently consulted, and praised by researchers and reviewers alike. The series contains much materia...
| Clasificación: | Libro Electrónico |
|---|---|
| Otros Autores: | , |
| Formato: | Electrónico eBook |
| Idioma: | Inglés |
| Publicado: |
New York :
Academic Press,
1982.
|
| Colección: | Methods in enzymology ;
volume 81. |
| Temas: | |
| Acceso en línea: | Texto completo Texto completo |
MARC
| LEADER | 00000cam a2200000Ia 4500 | ||
|---|---|---|---|
| 001 | SCIDIR_ocn758684740 | ||
| 003 | OCoLC | ||
| 005 | 20231117044631.0 | ||
| 006 | m o d | ||
| 007 | cr mn||||||||| | ||
| 008 | 111026s1982 nyua ob 001 0 eng d | ||
| 040 | |a COF |b eng |e pn |c COF |d UIU |d OPELS |d COF |d OCLCQ |d OPELS |d OCLCF |d KUK |d VVL |d OCLCQ |d BUF |d OCLCO |d OCL |d OCLCQ | ||
| 019 | |a 451118680 | ||
| 020 | |a 0121819817 |q (electronic bk.) | ||
| 020 | |a 9780121819811 |q (electronic bk.) | ||
| 035 | |a (OCoLC)758684740 |z (OCoLC)451118680 | ||
| 050 | 4 | |a QP601 |b .C733 v.81eb | |
| 082 | 0 | 4 | |a 591.1/823 |
| 245 | 0 | 0 | |a Biomembranes. |n Volume 81, |p Part H, |p Visual pigments and purple membranes, I / |c edited by Sidney Fleischer and Lester Packer. |
| 246 | 3 | |a Visual pigments and purple membranes, I | |
| 260 | |a New York : |b Academic Press, |c 1982. | ||
| 300 | |a 1 online resource (xix, 902 pages) : |b illustrations. | ||
| 336 | |a text |b txt |2 rdacontent | ||
| 337 | |a computer |b c |2 rdamedia | ||
| 338 | |a online resource |b cr |2 rdacarrier | ||
| 490 | 1 | |a Methods in enzymology ; |v v. 81 | |
| 504 | |a Includes bibliographical references and index. | ||
| 500 | |a In continuation of parts A-G, issued as vols. 31, 32, 52-56 of Methods in enzymology. | ||
| 505 | 1 | |a pts. A-B. [without special title].--pts. C-E. Biological oxidations.--pts. F-G. Bioenergetics. | |
| 588 | 0 | |a Print version record. | |
| 520 | |a The critically acclaimed laboratory standard, Methods in Enzymology, is one of the most highly respected publications in the field of biochemistry. Since 1955, each volume has been eagerly awaited, frequently consulted, and praised by researchers and reviewers alike. The series contains much material still relevant today - truly an essential publication for researchers in all fields of life sciences. | ||
| 650 | 0 | |a Membranes (Biology) | |
| 650 | 0 | |a Visual pigments. | |
| 650 | 0 | |a Rhodopsin. | |
| 650 | 0 | |a Cell membranes. | |
| 650 | 2 | |a Cell Membrane |0 (DNLM)D002462 | |
| 650 | 2 | |a Membranes |x enzymology |0 (DNLM)D008566Q000201 | |
| 650 | 2 | |a Retinal Pigments |0 (DNLM)D012168 | |
| 650 | 2 | |a Membranes |0 (DNLM)D008566 | |
| 650 | 2 | |a Rhodopsin |0 (DNLM)D012243 | |
| 650 | 6 | |a Membranes (Biologie) |0 (CaQQLa)201-0009733 | |
| 650 | 6 | |a Pigments visuels. |0 (CaQQLa)201-0059907 | |
| 650 | 6 | |a Pourpre r�etinien. |0 (CaQQLa)201-0059906 | |
| 650 | 6 | |a Membrane cellulaire. |0 (CaQQLa)201-0005053 | |
| 650 | 7 | |a Cell membranes. |2 fast |0 (OCoLC)fst00850194 | |
| 650 | 7 | |a Membranes (Biology) |2 fast |0 (OCoLC)fst01015860 | |
| 650 | 7 | |a Rhodopsin. |2 fast |0 (OCoLC)fst01097196 | |
| 650 | 7 | |a Visual pigments. |2 fast |0 (OCoLC)fst01168078 | |
| 700 | 1 | |a Fleischer, Sidney. | |
| 700 | 1 | |a Packer, Lester. | |
| 776 | 0 | 8 | |i Print version: |t Biomembranes. Part H. |d New York : Academic Press, 1982 |z 0121819817 |w (DLC) 82001736 |w (OCoLC)8925300 |
| 830 | 0 | |a Methods in enzymology ; |v volume 81. | |
| 856 | 4 | 0 | |u https://sciencedirect.uam.elogim.com/science/book/9780121819811 |z Texto completo |
| 856 | 4 | 0 | |u https://sciencedirect.uam.elogim.com/science/bookseries/00766879/81 |z Texto completo |


